01018nam a2200241Ia 4500003000900000008004100009040001600050080001800066245008600084260004600170300001500216490010200231500013000333650004100463650002200504650003000526700002600556700002800582700002500610942000700635999001500642952011900657IN-BaIIA211028s9999 xx 000 0 eng d cIIA Library a524-48bDEW-3 0aHigh energy astrophysicsbvol. 3cedited by DeWitt C., Schatzman E. and Veron P.  aNew YorkbGordon and Breach Sciencec1967 axii, 449p. aUniversite de Grenoble Ecole D'Ete De Physique Theorique Cours Donnes Aux Houches En 1966 Aues Un aLectures delivered at Les Houches during the 1966 sessions of the Summer School of Theoretical Physics with a grant from NATO aAstronomy and Astrophysics Thesaurus aAstrophysics9794 aHigh Energy Physics92205 aDeWitt, C., ed.95620 aSchatzman, E, ed.95621 aVeron, P., ed.95622 cBK c3165d3165 00104070aBANbBANcGENd1969-01-18g97.88l0o524-48/ DEW-3p3518r2021-11-05v97.88w1969-01-18yBKGRs. 97.88